Estadísticas para Gana las elecciones españolas

Haz click aquí para intentar la prueba.

Estadísticas generales

  • Esta prueba ha sido intentada 128 veces
    (127 desde el último reinicio)
  • La puntuación promedio es 104 de 351

Estadísticas de respuestas

Respuesta% Correcto
Barcelona
89%
Madrid
85%
Valencia
63%
Sevilla
59%
Málaga
37%
Girona
30%
Zaragoza
24%
Alicante
22%
Tarragona
22%
Vizcaya
22%
Girona
20%
La Coruña
20%
Cádiz
17%
Lleida
17%
Murcia
15%
Álava
13%
Castellón
13%
Córdoba
13%
Lleida
13%
Asturias
9%
Baleares
9%
Granada
9%
Leon
9%
Ourense
9%
Pontevedra
9%
Valladolid
9%
Guipúzcoa
7%
La Coruña
7%
Huelva
6%
Lugo
6%
Teruel
6%
Zamora
6%
Ceuta
4%
Huesca
4%
Jaén
4%
La Rioja
4%
Navarra
4%
Salamanca
4%
Albacete
2%
Almería
2%
Badajoz
2%
Burgos
2%
Cáceres
2%
Cantabria
2%
Cuenca
2%
Las Palmas
2%
Melilla
2%
Palencia
2%
Toledo
2%
Ávila
0%
Ciudad Real
0%
Guadalajara
0%
Santa Cruz de Tenerife
0%
Segovia
0%
Soria
0%

Distribución de puntuación

Porcentaje por número respondido

Porcentaje de gente con cada puntuación

Historial de tus puntuaciones

No has intentado esta prueba desde el último reinicio